Logistické plánování pro e-business
Nové formy optimalizácie logistických procesov v ére elektronického obchodovania. Obsahové vymedzenie pojmu e-logistika. Význam a rozdiel e-logistiky a tradičného logistického plánovania. Vytváranie pružných procesov a štruktúr v odozve na situáciu na trhu. Nové plánovacie nástroje v praxi.
Enregistré dans:
| Format: | Chapitre de livre |
|---|---|
| Langue: | tchèque |
| Sujets: | |
| Tags: |
Pas de tags, Soyez le premier à ajouter un tag!
|
MARC
| LEADER | 00000naa a2200000 4500 | ||
|---|---|---|---|
| 001 | r044751 | ||
| 005 | 20231003123522.0 | ||
| 041 | 0 | |a cze | |
| 044 | |a CZ | ||
| 245 | 1 | 0 | |a Logistické plánování pro e-business |
| 520 | |a Nové formy optimalizácie logistických procesov v ére elektronického obchodovania. Obsahové vymedzenie pojmu e-logistika. Význam a rozdiel e-logistiky a tradičného logistického plánovania. Vytváranie pružných procesov a štruktúr v odozve na situáciu na trhu. Nové plánovacie nástroje v praxi. | ||
| 610 | 2 | 0 | |a logistika integrovaná |
| 610 | 2 | 0 | |a reťazce logistické |
| 610 | 2 | 0 | |a plánovanie zásob |
| 610 | 2 | 0 | |a obchod elektronický |
| 610 | 2 | 0 | |a plánovanie |